[Event "Schleswig-Holstein-ch Seniors"]
[Site "Buesum"]
[Date "2010.03.29"]
[Round "4"]
[White "Lehmann, Erwin"]
[Black "Kluever, Horst"]
[Result "1-0"]
[WhiteElo "1935"]
[BlackElo "1922"]
[PlyCount "119"]
[EventDate "2010.03.27"]
[EventType "swiss"]
[EventRounds "9"]
[EventCountry "GER"]
[SourceTitle "EXT 2023"]
[Source "ChessBase"]
[SourceDate "2022.10.05"]
[SourceVersion "1"]
[SourceVersionDate "2022.10.05"]
[SourceQuality "1"]

1. c4 e6 2. g3 d5 3. Bg2 c6 4. Nf3 Nf6 5. 0-0 h6 6. b3 Be7 7. Bb2 Nbd7 8. d3 a6 9. Nbd2 b5 10. Qc2 Bb7 11. d4 bxc4 12. bxc4 c5 13. Ne5 0-0 14. a4 cxd4 15. Bxd4 Nxe5 16. Bxe5 Qd7 17. Rab1 Bc6 18. a5 Rac8 19. Qa2 Ne4 20. Nxe4 dxe4 21. Rfd1 Qe8 22. Rb6 e3 23. Bd6 exf2+ 24. Kxf2 Bxg2 25. Kxg2 Qd7 26. Rd3 Bxd6 27. Rdxd6 Qc7 28. Rxa6 Ra8 29. Qb3 Rab8 30. Rab6 Rbd8 31. Rdc6 Qe5 32. Qf3 Rd2 33. Kf2 Rfd8 34. Rb3 Qxa5 35. Rb7 Qf5 36. Qxf5 exf5 37. Rcc7 Rf8 38. Ke3 Rd1 39. c5 g5 40. c6 Rd6 41. Rb5 Re8+ 42. Kf3 g4+ 43. Kf4 Rd4+ 44. Kxf5 Rxe2 45. Rc8+ Kg7 46. Rbb8 Rf2+ 47. Ke5 Rd1 48. Rg8+ Kh7 49. Rh8+ Kg6 50. Rbg8+ Kh5 51. Rc8 Re2+ 52. Kf6 Rf1+ 53. Kg7 Re6 54. c7 Rg6+ 55. Kh7 Rc6 56. Rhd8 Rf5 57. Rd7 Re5 58. Rxf7 Kg5 59. Rg8+ Kh5 60. c8Q 1-0

[Event "Hessen-ch Seniors op 05th"]
[Site "Bad Sooden-Allendorf"]
[Date "2009.05.03"]
[Round "9"]
[White "Simon, Goetz Jochen"]
[Black "Kluever, Horst"]
[Result "1/2-1/2"]
[WhiteElo "1626"]
[BlackElo "1710"]
[PlyCount "92"]
[EventDate "2009.04.25"]
[EventType "swiss"]
[EventRounds "9"]
[EventCountry "GER"]
[SourceTitle "EXT 2022"]
[Source "ChessBase"]
[SourceDate "2021.10.06"]
[SourceVersion "1"]
[SourceVersionDate "2021.10.06"]
[SourceQuality "1"]

1. e4 e6 2. d4 d5 3. e5 c5 4. Nf3 Nc6 5. c3 Bd7 6. Bd3 Qb6 7. dxc5 Bxc5 8. 0-0 h6 9. Nbd2 Qc7 10. Nb3 Nxe5 11. Nxe5 Qxe5 12. Nxc5 Bc6 13. f4 Qd6 14. Re1 Qxc5+ 15. Be3 Qd6 16. Qg4 Qf8 17. b4 Nf6 18. Qh4 b6 19. a4 Qe7 20. b5 Bb7 21. Bd4 0-0-0 22. a5 Qd6 23. axb6 axb6 24. Ra7 Nd7 25. Qf2 Kc7 26. Rea1 Ra8 27. Rxa8 Rxa8 28. Rxa8 Bxa8 29. Bxg7 f6 30. Bxh6 Qa3 31. Qc2 Qc5+ 32. Kf1 Qe3 33. Be2 f5 34. Qd3 Qc1+ 35. Kf2 Nc5 36. Qd4 Ne4+ 37. Kf3 Qxc3+ 38. Qxc3+ Nxc3 39. g3 d4+ 40. Kf2 Nxe2 41. Kxe2 Bd5 42. Bg7 Bc4+ 43. Kd2 d3 44. h4 Bxb5 45. h5 Be8 46. h6 Bg6 1/2-1/2

[Event "Hessen-ch Seniors op 05th"]
[Site "Bad Sooden-Allendorf"]
[Date "2009.05.02"]
[Round "8"]
[White "Kluever, Horst"]
[Black "Richter, Hildegard"]
[Result "1/2-1/2"]
[WhiteElo "1710"]
[BlackElo "1603"]
[PlyCount "111"]
[EventDate "2009.04.25"]
[EventType "swiss"]
[EventRounds "9"]
[EventCountry "GER"]
[SourceTitle "EXT 2022"]
[Source "ChessBase"]
[SourceDate "2021.10.06"]
[SourceVersion "1"]
[SourceVersionDate "2021.10.06"]
[SourceQuality "1"]

1. e4 c5 2. Nf3 e6 3. d4 cxd4 4. Nxd4 Nf6 5. Bd3 Nc6 6. c3 a6 7. 0-0 d6 8. Kh1 Be7 9. f4 Qc7 10. Nd2 b5 11. Nxc6 Qxc6 12. e5 Bb7 13. Qe2 Nd7 14. Be4 d5 15. Bc2 g6 16. Nb3 Qc7 17. Be3 Bc5 18. Nd4 Nb6 19. Nxb5 axb5 20. Qxb5+ Nd7 21. Bxc5 Ba6 22. Bd6 Qxd6 23. exd6 Bxb5 24. Rf2 Nc5 25. Rf3 Kd7 26. b3 Kxd6 27. a4 Bc6 28. Re3 Rhb8 29. Rb1 f5 30. h4 Ne4 31. Ra1 e5 32. fxe5+ Kxe5 33. b4 Kd6 34. Kg1 Re8 35. a5 Bb5 36. Ba4 Kc6 37. Bxb5+ Kxb5 38. Rd1 Nf6 39. Rf3 Re4 40. h5 Rae8 41. hxg6 hxg6 42. Rdd3 f4 43. g3 g5 44. gxf4 gxf4 45. Kg2 Re2+ 46. Rf2 Rxf2+ 47. Kxf2 Re4 48. Kf3 Kc4 49. Rd1 Nd7 50. a6 Ne5+ 51. Kf2 Nc6 52. b5 Kxb5 53. Rxd5+ Kxa6 54. Kf3 Rc4 55. Rf5 Rxc3+ 56. Kxf4 1/2-1/2